Phương pháp cán kim loại thông dụng
Sách cung cấp một số quy trình công nghệ cán các kim loại thông dụng và hợp kim của chúng trên các máy cán cổ điển và hiện đại
Saved in:
| Main Author: | |
|---|---|
| Format: | Book |
| Language: | Undetermined |
| Published: |
Hà Nội
Khoa học và Kỹ thuật
1995
|
| Subjects: | |
| Tags: |
Add Tag
No Tags, Be the first to tag this record!
|
| Institutions: | Trung tâm Học liệu Trường Đại học Cần Thơ |
|---|
| LEADER | 00817nam a2200217Ia 4500 | ||
|---|---|---|---|
| 001 | CTU_17387 | ||
| 008 | 210402s9999 xx 000 0 und d | ||
| 020 | |c 16000 | ||
| 082 | |a 671.32 | ||
| 082 | |b Nh464 | ||
| 100 | |a Đỗ, Hữu Nhơn | ||
| 245 | 0 | |a Phương pháp cán kim loại thông dụng | |
| 245 | 0 | |c Đỗ Hữu Nhơn | |
| 260 | |a Hà Nội | ||
| 260 | |b Khoa học và Kỹ thuật | ||
| 260 | |c 1995 | ||
| 520 | |a Sách cung cấp một số quy trình công nghệ cán các kim loại thông dụng và hợp kim của chúng trên các máy cán cổ điển và hiện đại | ||
| 650 | |a Metal,Metals,Rolling ( metal-work ) | ||
| 650 | |x Work,Hot working | ||
| 904 | |i Minh, Hải | ||
| 980 | |a Trung tâm Học liệu Trường Đại học Cần Thơ | ||